000 00404cam a2200169ua 4500
041 _aeng
_h
082 _a824
_bSTR/LI
100 _aStrachey, Lytton .
245 _aLiterary essays /
_cLytton Strachey.
_hTextual Documents
250 _a1 /
_b.
260 _aLondon :
_bChatto and Windus ,
_c1961.
300 _a295 ; .
504 _a
942 _cBK
999 _c6983
_d6983